LDR 01362naa#a2200193#i#450# 001 RU\\bibl\121735 005 20260430025752.4 011 ## _a1998-8990 100 ## _a20260423b2026####ek#y0rusy0150####ca 102 ## _aRU 200 1# _aОСОБЕННОСТИ УСТРОЙСТВА НАСОСНЫХ АГРЕГАТОВ ПОЖАРНЫХ АВТОМОБИЛЕЙ В СОВРЕМЕННЫХ УСЛОВИЯХ _eЖурнальная статья 210 1# _aСанкт-Петербург _cСанкт-Петербургский университет Государственной противопожарной службы Министерства Российской Федерации по делам гражданской обороны, чрезвычайным ситуациям и ликвидации последствий стихийных бедствий имени Героя Российской Федерации генерала армии Е.Н. Зиничева _d2026 215 ## _a15 с. 608 ## _aЖурнальная статья _2local 675 ## _aПожарные насосы. Пожарные автомобили. 614.846 _z 700 #1 _aПреснов _gАлексей Иванович 700 #1 _aМарченко _gМихаил Анатольевич 700 #1 _aКрутолапов _gАлександр Сергеевич 856 4# _ajournals.igps.ru _u